Actors that have worked with Emma Stone - Statistics

General Stats
  • This quiz has been taken 62 times
  • The average score is 11 of 39
Answer Stats
Movie Actor % Correct
Crazy Stupid Love, Gangster Squad, La La Land Ryan Gosling
100%
The Amazing 1-2 Andrew Garfield
83%
Birdman Michael Keaton
70%
Friends with Benefits, Zombieland 1-2 Woody Harrelson
70%
Zombieland 1-2 Jesse Eisenberg
61%
The Help Viola Davis
59%
Aloha, The Rocker Bradley Cooper
54%
The Interview James Franco
43%
Friends with Benefits Mila Kunis
41%
Superbad, The Interview Seth Rogen
41%
Aloha, Zombieland 1-2 Bill Murray
39%
Crazy Stupid Love Julianne Moore
30%
Zombieland 1-2 Abigail Breslin
28%
Birdman Edward Norton
28%
Paper Man, The Croods Ryan Reynolds
28%
The Amazing Spider-Man 2 Jamie Foxx
22%
The Help Bryce Dallas Howard
20%
Movie 43 Hugh Jackman
20%
Gangster Squad Josh Brolin
20%
Movie 43 Kate Winslet
17%
The Croods Nicholas Cage
17%
Irrational Man Joaquin Phoenix
15%
Marmaduke Owen Wilson
15%
The Interview Randall Park
15%
Aloha Alec Baldwin
13%
La La Land J. K. Simmons
13%
Movie 43 Halle Berry
11%
Crazy Stupid Love Kevin Bacon
11%
The Amazing Spider-Man 1 Martin Sheen
11%
Zombieland Amber Heard
9%
Gangster Squad Anthony Mackie
9%
Superbad Bill Hader
9%
The Interview Eminem
7%
The Interview Lizzy Caplan
4%
Gangster Squad Michael Pena
4%
Zombieland Double Tap Rosario Dawson
4%
The Amazing Spider-Man 1-2 Stan Lee
4%
Movie 43 Chloe Grace Moretz
2%
Battle of the Sexes Sarah Silverman
2%
No matching quizzes found
Score Distribution
Percent of People with Each Score
Percentile by Number Answered
Your Score History
You have not taken this quiz